000 00202nam a22001097a 4500
041 _aeng
080 _a80
100 _aChampion, Sarah
245 _aFortune Hotel.
650 _aFiction
999 _c281188
_d281188
942 _cBK